| 000 | 00600nam a22002057a 4500 | ||
|---|---|---|---|
| 005 | 20180322131457.0 | ||
| 010 | _aENG-122369 | ||
| 020 |
_c250.00 _a100071077103 |
||
| 035 | _aEN-105901 | ||
| 037 | _bDBAD/PUB | ||
| 082 | _a005.133 | ||
| 100 | _aMc Grath, Mike | ||
| 245 |
_aJava: _cby Mike Mc Grath _bin easy steps / |
||
| 250 | _a3rd ed. | ||
| 260 |
_aNew Delhi _bTata McGraw Hill Education Private Limited _c2010 |
||
| 270 |
_a7, West Patel Nagar _bNew Delhi _e110008 |
||
| 300 |
_a192p. _c22cm.(pbk) _bill. |
||
| 500 | _aIncluding index | ||
| 942 |
_2ddc _cEN _mMCG _h005.133 |
||
| 999 |
_c150488 _d150488 |
||